5HLuxD.jpg

KING HENRY VIII SENIOR AND PRIMARY SCHOOL LIBRARY OPAC

Stargazing / (Record no. 696)

000 -LEADER
fixed length control field 01167nam a2200361 i 4500
001 - CONTROL NUMBER
control field 020815237
003 - CONTROL NUMBER IDENTIFIER
control field UkOxU
005 - DATE AND TIME OF LATEST TRANSACTION
control field 20191204162505.0
008 - FIXED-LENGTH DATA ELEMENTS--GENERAL INFORMATION
fixed length control field 170424s2016 stkabd b 000 0 eng c
015 ## - NATIONAL BIBLIOGRAPHY NUMBER
National bibliography number GBB6A3158
Source bnb
016 7# - NATIONAL BIBLIOGRAPHIC AGENCY CONTROL NUMBER
Record control number 017953046
Source Uk
020 ## - INTERNATIONAL STANDARD BOOK NUMBER
International Standard Book Number 9780008196271 (pbk.) :
035 ## - SYSTEM CONTROL NUMBER
System control number (StEdNL)9043602
035 ## - SYSTEM CONTROL NUMBER
System control number (Uk)017953046
040 ## - CATALOGING SOURCE
Original cataloging agency StDuBDS
Language of cataloging eng
Description conventions rda
Transcribing agency StDuBDS
Modifying agency StEdNL
042 ## - AUTHENTICATION CODE
Authentication code ukscp
082 04 - DEWEY DECIMAL CLASSIFICATION NUMBER
Classification number 520 TOP
Edition number 23
100 1# - MAIN ENTRY--PERSONAL NAME
Personal name Topalovic, Radmila,
Relator term author.
245 10 - TITLE STATEMENT
Title Stargazing /
Statement of responsibility, etc. Radmila Topalovic and Tom Kerss.
264 #1 - PRODUCTION, PUBLICATION, DISTRIBUTION, MANUFACTURE, AND COPYRIGHT NOTICE
Place of production, publication, distribution, manufacture Bishopbriggs, Glasgow :
Name of producer, publisher, distributor, manufacturer Collins,
Date of production, publication, distribution, manufacture, or copyright notice [2016]
300 ## - PHYSICAL DESCRIPTION
Extent 223 pages :
Other physical details illustrations (chiefly colour), maps (colour), charts (colour) ;
Dimensions 21 cm
336 ## - CONTENT TYPE
Content type term text
Source rdacontent
337 ## - MEDIA TYPE
Media type term unmediated
Source rdamedia
338 ## - CARRIER TYPE
Carrier type term volume
Source rdacarrier
500 ## - GENERAL NOTE
General note "Royal Observatory Greenwich".
504 ## - BIBLIOGRAPHY, ETC. NOTE
Bibliography, etc. note Includes bibliographical references (pages 214-215).
650 #0 - SUBJECT ADDED ENTRY--TOPICAL TERM
Topical term or geographic name entry element Stars
Form subdivision Observers' manuals.
650 #0 - SUBJECT ADDED ENTRY--TOPICAL TERM
Topical term or geographic name entry element Astronomy
Form subdivision Observers' manuals.
700 1# - ADDED ENTRY--PERSONAL NAME
Personal name Kerss, Tom,
Relator term author.
710 2# - ADDED ENTRY--CORPORATE NAME
Corporate name or jurisdiction name as entry element Royal Observatory, Greenwich.
942 ## - ADDED ENTRY ELEMENTS (KOHA)
Source of classification or shelving scheme
Koha item type Books - Non Ficton
Holdings
Withdrawn status Lost status Source of classification or shelving scheme Damaged status Not for loan Collection code Permanent Location Current Location Shelving location Date acquired Total Checkouts Full call number Barcode Date last seen Date last checked out Price effective from Koha item type
          Non-Fiction KH8 Senior School Library KH8 Senior School Library Non Fiction 2019-12-04 2 520 TOP 3KHSL000101426 2021-10-04 2020-03-17 2019-12-04 Books - Non Ficton

Powered By KH8 IT Dept